| 000 | 00510cam a2200181ua 4500 | ||
|---|---|---|---|
| 001 | 12259 | ||
| 005 | 20260515114845.0 | ||
| 008 | 200819n ii |||gr||||Z||||||eng | ||
| 040 | _cMAIN | ||
| 082 | _a891.4513 | ||
| 100 |
_aHomen Borgohain, _eEditor. |
||
| 245 |
_aAsomiya galpa sankalan : _bVol II / _cEd by Homen Borgohain . |
||
| 250 |
_a4th ed. / _bV.II. |
||
| 260 |
_aGuwahati: _bPublication board assam, _c2014. |
||
| 300 | _a438p. | ||
| 653 | _aEast Indo-European & Celtic literatures | ||
| 942 | _cBK | ||
| 999 |
_c11003 _d11003 |
||